Sunny windows and other sermons for children. (Record no. 12265)

000 -LEADER
fixed length control field 00568nam a2200181 a 4500
001 - CONTROL NUMBER
control field :::00010067$&:&@@
003 - CONTROL NUMBER IDENTIFIER
control field OkBaRHE
005 - DATE AND TIME OF LATEST TRANSACTION
control field 20000607103355.0
008 - FIXED-LENGTH DATA ELEMENTS--GENERAL INFORMATION
fixed length control field s1921 j 000 0 eng u
040 ## - CATALOGING SOURCE
Transcribing agency
100 1# - MAIN ENTRY--PERSONAL NAME
Personal name Bowie, Walter Russell.
245 10 - TITLE STATEMENT
Title Sunny windows and other sermons for children.
260 ## - PUBLICATION, DISTRIBUTION, ETC. (IMPRINT)
Place of publication, distribution, etc New York, NY., :
Name of publisher, distributor, etc Fleming H. Revell Co.
Date of publication, distribution, etc c1921
300 ## - PHYSICAL DESCRIPTION
Extent 190 p. ;
Dimensions 19 cm.
650 ## - SUBJECT ADDED ENTRY--TOPICAL TERM
Topical term or geographic name as entry element Children's Sermons
942 ## - ADDED ENTRY ELEMENTS (KOHA)
Source of classification or shelving scheme
Koha item type Books
Copies
Price effective from Damaged status Barcode Source of classification or shelving scheme Date acquired Full call number Date last seen Koha item type Shelving location Lost status Permanent Location Copy number Withdrawn status Not for loan
2010-04-14 10067 2010-04-14BV 4315 .B5772010-04-14BooksGeneral Stacks RHEMA Bible Training College1